000
00328nam a2200133Ia 4500
008
191201s2011 xx 000 0 und d
082
_a
658.0954
_b
GOB
100
_a
GOYAL,Alok
245
0
_a
Business Environment M.com 1st sem
260
_a
N.Delhi
_b
V K Enterprises
_c
2011
300
_a
284
650
_a
BBA
942
_2
ddc
_c
BK
_0
1
999
_c
4845
_d
4845